000 01055cam a22002891 4500
001 l 49000057
003 DLC
005 20260227111541.0
008 871128s1949 dcua b f000 0 eng c
010 _al 49000057
035 _a(OCoLC)17109585
040 _aU.S. Dept. of Labor. Library
_cMi
_dMi
_dDLC
042 _apremarc
050 0 0 _aHD8051
_b.A62 no. 961
082 _a331.7656
100 1 _aWood, Helen.
245 1 0 _aEmployment outlook in railroad occupations
_c[by Helen Wood, Gloria Count, and Raymond D. Larson]
260 _aWashington,
_bU.S. Govt. Print. Off.,
_c1949.
300 _aiii, 52 p.
_billus.
_c25 cm.
490 1 _aUnited States. Bureau of Labor Statistics. Bulletin
_vno. 961
490 1 _aOccupational outlook series
504 _a"Suggested readings": p. 50.
650 0 _aRailroads
_zUnited States
_xEmployees.
650 0 _aVocational guidance.
830 0 _aBulletin (United States. Bureau of Labor Statistics) ;
_vno. 961.
810 1 _aUnited States.
_bBureau of Labor Statistics.
_tOccupational outlook series.
999 _c36651
_d36651